000 00793nam a22002415i 4500
001 54608
003 ES-MaACL
005 20251009181735.0
007 t|
008 960723s1896 xxk ||||1| eng d
040 _aCAM
_bspa
_cCAM
100 1 _aFroude, James Anthony.
_952757
245 1 4 _aThe spanish story of the Armada and other essays /
_cby James Anthony Froude.
250 _aNew ed.
260 _aLondon [etc] :
_bLongmans, Green and co.,
_c1896 (
_fRichard Clay and sons)
300 _aVII, [2], 394 p. ;
_c19 cm.
600 0 4 _aPérez, Antonio,
_d1540-1611
_990557
600 0 0 _aTeresa de Jesús,
_cSanta,
_d1515-1582
_9226510
650 1 4 _aArmada Invencible, 1588.
_99965
651 4 _aNoruega-
_xDescripción.
_99123
852 _aES-MaACL
_jG-10477
999 _c54608
_d54608